| 000 | 00000nam##2200000za#4500 |
| 001 | 9.618790 |
| 003 | CaOODSP |
| 005 | 20210615103043 |
| 007 | ta |
| 008 | 150406|2008||||xxc||||| f|0| 0 eng|d |
| 022 | |a0706-6457 |
| 040 | |aCaOODSP|beng |
| 043 | |an-cn--- |
| 086 | 1 |aFs97-6/2789E |
| 110 | 1 |aCanada. |bDepartment of Fisheries and Oceans. |
| 245 | 10|aRemote setting and nursing trails of C. virginica in bouncing buckets / |cby Sonier R., Comeau, L.A. and Lanteigne, L. |
| 260 | |aMoncton - New Brunswick : |bFisheries and Oceans Canada |c2008. |
| 300 | |avii, 15p. : |bfigs., references, table, photographs ; |c28 cm. |
| 490 | 1 |aCanadian technical report of fisheries and aquatic sciences|x0706-6457|v2789 |
| 500 | |a"Department of Fisheries and Oceans Canada, Gulf Fisheries Center, P.O. Box 5030, Oceans and Sciences Branch, Moncton, New Brunswick, EIC 9B6"--Title page. |
| 520 | 3 |aExplored the possibility of using a new technology, called “bouncing buckets,” for Crassostrea virginica larvae remote setting and juvenile nursing in coastal waters. |
| 546 | |a(Résumé en français.) |
| 563 | |aSoftcover |
| 590 | |a08-17|b2008-04-25 |
| 720 | 1 |aComeau, L. A. |
| 720 | 1 |aSonier, R. |
| 720 | 1 |aLanteigne, L. |
| 776 | 0#|tRemote setting and nursing trials of C. virginica in bouncing buckets / |w(CaOODSP)9.574390 |
| 830 | #0|aCanadian technical report of fisheries and aquatic sciences,|x0706-6457|v2789|w(CaOODSP)9.514691 |